<?xml version="1.0" encoding="UTF-8"?>
<record
    xmlns:xsi="http://www.w3.org/2001/XMLSchema-instance"
    xsi:schemaLocation="http://www.loc.gov/MARC21/slim http://www.loc.gov/standards/marcxml/schema/MARC21slim.xsd"
    xmlns="http://www.loc.gov/MARC21/slim">

  <leader>01821nam a2200145   4500</leader>
  <controlfield tag="008">708 P123c</controlfield>
  <datafield tag="082" ind1=" " ind2=" ">
    <subfield code="a">708</subfield>
    <subfield code="b">P123c</subfield>
  </datafield>
  <datafield tag="100" ind1=" " ind2=" ">
    <subfield code="a">Pad&#xED;n, Clemente</subfield>
    <subfield code="9">6671</subfield>
  </datafield>
  <datafield tag="245" ind1=" " ind2=" ">
    <subfield code="a">Clemente Pad&#xED;n</subfield>
  </datafield>
  <datafield tag="260" ind1=" " ind2=" ">
    <subfield code="a">Montevideo</subfield>
    <subfield code="b">Banco Central de Uruguay</subfield>
    <subfield code="c">2006</subfield>
  </datafield>
  <datafield tag="300" ind1=" " ind2=" ">
    <subfield code="a">350 p.</subfield>
    <subfield code="b">ill</subfield>
    <subfield code="c">23 x 16.5 cm</subfield>
  </datafield>
  <datafield tag="505" ind1=" " ind2=" ">
    <subfield code="t">Clemente Pad&#xED;n La pr&#xE1;ctica como cr&#xED;tica </subfield>
    <subfield code="r">Patricia Betancur</subfield>
    <subfield code="t">Antolog&#xED;a de textos</subfield>
    <subfield code="t">Clemente Pad&#xED;n: Hombre de acci&#xF3;n, hombre de teor&#xED;a</subfield>
    <subfield code="r">C&#xE9;sar Espinoza </subfield>
    <subfield code="t">La disecci&#xF3;n ir&#xF3;nica del lenguaje </subfield>
    <subfield code="r">Mart&#xED;n Palacio</subfield>
    <subfield code="t">Gnosis: serigraf&#xED;as y textos de Clemente Pad&#xED;n</subfield>
    <subfield code="r">Harry Polkinhorn</subfield>
    <subfield code="t">Clemente Pad&#xED;n y su "signo"</subfield>
    <subfield code="r">Klaus Peter Dencker</subfield>
    <subfield code="t">CP: 2003</subfield>
    <subfield code="r">Fernando L&#xF3;pez Lage</subfield>
    <subfield code="t">Un gran mundo &#xBF;verdad?</subfield>
    <subfield code="r">Karl Young</subfield>
    <subfield code="t">Veinte a&#xF1;os despu&#xE9;s</subfield>
    <subfield code="r">Luis Bravo</subfield>
    <subfield code="t">Vanguardia: un proyecto semiol&#xF3;gico</subfield>
    <subfield code="r">Moacy Cirne (fragmento)</subfield>
    <subfield code="t">Spam art o c&#xF3;mo convertir en arte el correo basura</subfield>
    <subfield code="r">Silvio Gracia</subfield>
    <subfield code="t">Selecci&#xF3;n de textos de Clemente Pad&#xED;n </subfield>
    <subfield code="t">Las opciones del creador latinoamericano</subfield>
    <subfield code="t">La performance desde la perspectiva latinoamericana </subfield>
    <subfield code="t">Edgardo Antonio Vigo: aspiraci&#xF3;n libertaria </subfield>
    <subfield code="t">Recordando a Ulises Carri&#xF3;n</subfield>
    <subfield code="t">Edici&#xF3;n facsimilar de la revista Ovum</subfield>
    <subfield code="t">Publicaciones</subfield>
    <subfield code="t">Signograf&#xED;as</subfield>
    <subfield code="t">Pel&#xED;culas 1987-2005</subfield>
    <subfield code="t">Ap&#xE9;ndice</subfield>
    <subfield code="t">Biograf&#xED;a / Biography</subfield>
    <subfield code="t">Exposiciones individuales / Solo exhibitions</subfield>
    <subfield code="t">Exposiciones colectivas / Group shows</subfield>
    <subfield code="t">Exposiciones y eventos organizados / Organization of exhibitions and events</subfield>
    <subfield code="t">Arte correo / Mail art</subfield>
    <subfield code="t">Performance, lecturas e instalaciones / Performances, readings and installations</subfield>
    <subfield code="t">Becas e invitaciones / Grants and invitations</subfield>
    <subfield code="t">Publicaciones / Publications</subfield>
    <subfield code="t">Bibliograf&#xED;a / Bibliography</subfield>
    <subfield code="t">Fundaci&#xF3;n y direcci&#xF3;n de revistas / Journals: Founder and Director </subfield>
    <subfield code="t">Videograf&#xED;a / Videography</subfield>
    <subfield code="t">Texts in english</subfield>
  </datafield>
  <datafield tag="650" ind1=" " ind2=" ">
    <subfield code="x">arte - exhibicones</subfield>
    <subfield code="x">arte - biograf&#xED;a</subfield>
    <subfield code="x">arte - Uruguay</subfield>
    <subfield code="9">6672</subfield>
  </datafield>
  <datafield tag="700" ind1=" " ind2=" ">
    <subfield code="a">Betancur, Patricia (curadur&#xED;a)</subfield>
    <subfield code="9">6673</subfield>
  </datafield>
  <datafield tag="999" ind1=" " ind2=" ">
    <subfield code="c">1617</subfield>
    <subfield code="d">1617</subfield>
  </datafield>
  <datafield tag="952" ind1=" " ind2=" ">
    <subfield code="0">0</subfield>
    <subfield code="1">0</subfield>
    <subfield code="2">ddc</subfield>
    <subfield code="4">0</subfield>
    <subfield code="7">0</subfield>
    <subfield code="a">LV</subfield>
    <subfield code="b">LV</subfield>
    <subfield code="c">Monograf&#xED;as</subfield>
    <subfield code="d">2018-09-13</subfield>
    <subfield code="l">0</subfield>
    <subfield code="o">708 P123c</subfield>
    <subfield code="p">000922</subfield>
    <subfield code="r">2018-09-13 00:00:00</subfield>
    <subfield code="w">2018-09-13</subfield>
    <subfield code="y">01</subfield>
  </datafield>
</record>
